| Поле | Инд. | ПП | Название | Значение |
|---|---|---|---|---|
| Тип записи | a | |||
| Библиографический уровень | m | |||
| 001 | Контрольный номер | a9f98f397bbe49428f4bd71d472b5bb1 | ||
| 005 | Дата корректировки | 20200424143521.9 | ||
| 008 | Кодируемые данные | 150525|||||||||ru |||||||||||||||||rus|| | ||
| 020 | a | ISBN | 978-5-9916-4275-0 | |
| 041 | 0_ | a | Код языка текста | rus |
| 084 | a | Индекс другой классификации/Индекс ББК | 65.291я7 | |
| 090 | a | Полочн. индекс | 65.291 | |
| x | Авторский знак | Б 26 | ||
| 100 | 1_ | a | Автор | Барышникова Н. А. |
| 245 | 10 | a | Заглавие | Экономика предприятия |
| b | Продолж. заглавия | учеб. пособие для СПО и приклад. бакалавриата : учеб. пособие для студентов образоват. учреждений сред. проф. образования : учеб. пособие для студентов высш. учеб. заведений | ||
| c | Ответственность | Рос. экон. ун-т им. Г. В. Плеханова | ||
| 260 | a | Место издания | Москва | |
| b | Издательство | Юрайт | ||
| c | Дата издания | 2015 | ||
| 300 | a | Объем | 190, [1] с. | |
| 440 | _0 | a | Серия | Профессиональное образование |
| 504 | a | Библиография | Библиогр.: с. 190-191 | |
| 583 | x | Служебное примечание | Экон. специальности. ВПО | |
| x | Служебное примечание | Экон. специальности. СПО | ||
| x | Служебное примечание | Кн. доступна в электрон. библ. системе biblio-online.ru | ||
| 650 | 04 | a | Основная рубрика | Предприятия-Экономика-Учебные издания для высших учебных заведений-Бакалавриат |
| 650 | 04 | a | Основная рубрика | Предприятия-Экономика-Учебные издания для среднего профессионального образования |
| 653 | 0_ | a | Ключевые слова | Внешнеэкономическая деятельность |
| a | Ключевые слова | Издержки предприятий | ||
| a | Ключевые слова | Капитал предприятий | ||
| a | Ключевые слова | Качество продукции | ||
| a | Ключевые слова | Конкурентоспособность | ||
| a | Ключевые слова | Национальная экономика | ||
| a | Ключевые слова | Оборотный капитал предприятий | ||
| a | Ключевые слова | Рыночная экономика | ||
| a | Ключевые слова | Себестоимость продукции | ||
| a | Ключевые слова | Управление персоналом | ||
| a | Ключевые слова | Экономика предприятий | ||
| 700 | 12 | a | Другие авторы | Матеуш Т. А. |
| 700 | 12 | a | Другие авторы | Миронов М. Г. |
| 901 | t | Тип документа | m | |
| 952 | b | Гриф литературы для ВШ | Рекомендовано Учеб.-метод. отд. сред. проф. образования | |
| b | Гриф литературы для ВШ | Рекомендовано Учеб.-метод. отд. высш. образования | ||
| c | Вид литературы | учебное пособие |